Historia literatury polskiej do roku 1939

Bibliographic Details
Main Author: Miłosz, Czesław, 1911-2004 (Author)
Other Authors: Tarnowska, Maria (Translator)
Format: Book
Language:Polish
PhysicalDescription:526 s. 21 cm
Published: Kraków Znak 1993
ISBN:8370064248

MARC

LEADER 00000nam a2200000 a 4500
001 vtls001172711
003 SK-MaSNL
005 20260301112126.0
008 251031s1993 pl 0 pol
020 |a 8370064248 
035 |a SNK000115693 
040 |a SNK  |b slo  |c SNK  |e AACR2 
041 0 |a pol 
044 |a pl  |c PL 
080 |a 884(091)".../1939"  |2 1981 
100 1 |a Miłosz, Czesław,  |d 1911-2004  |4 aut  |9 202022 
240 1 4 |a The History of Polish Literature  |l Poľsky 
245 1 0 |a Historia literatury polskiej do roku 1939  |c Czesław Miłosz ; Przeł. Maria Tarnowska 
260 |a Kraków  |b Znak  |c 1993 
300 |a 526 s.  |c 21 cm 
700 1 |a Tarnowska, Maria  |4 trl  |9 451771 
852 |a Slovenská národná knižnica 
919 |a 83-7006-424-8 
999 |c 709549  |d 711479 
952 |t P60, <04>, [BOOK], {604}  |a SNK  |b SNK  |y VYP  |7 0  |p 17A0373959  |o snkIC 124541  |0 0  |1 0  |4 0  |d 2003-02-17  |l 0  |r 2005-01-01 00:00:00  |w 2026-02-23